000
00313nam a22001337a 4500
008
170825b xxu||||| |||| 00| 0 eng d
020
_a
9781111186777
041
_a
eng
080
_2
7 ED
_a
047
100
_a
40
101
_a
MED
245
_a
CRISIS INTERVENTION STRATEGIES
_c
JAMES.R.K
942
_2
udc
_c
BK
999
_c
24978
_d
24978